000 00459nam a22001817a 4500
003 OSt
005 20240716114036.0
008 230816b |||||||| |||| 00| 0 eng d
020 _a996670390X
040 _cChuka University Library
050 _aPL 8704
_b.A2T36 2005
100 _aWamitila, K. W.
245 _aTamthilia ya maisha
260 _aNairobi, Kenya
_bVide-Muwa
_c 2005
300 _a126p.
650 _aMashairi
_911995
942 _2lcc
_cBK
_n0
_02
999 _c15212
_d15212